Investori Slovensko našli aj bez privatizácie

Prísun zahraničných investícií na Slovensko v roku 2003. Najväčším lákadlom je daňová reforma a lacná pracovná sila. Rezervy sú stále v infraštruktúre a v legislatíve. Najväčším lákadlom pre investorov je výroba automobilov. Nástup konkurencie susedných krajín v prilákaní investorov. Prostredie na S...

Ausführliche Beschreibung

Gespeichert in:
Bibliographische Detailangaben
Format: Buchkapitel
Sprache:Slowakisch
Schlagworte:
Tags: Tag hinzufügen
Keine Tags, Fügen Sie das erste Tag hinzu!

MARC

LEADER 00000naa$a2200000$$$4500
001 0005827
005 20231009074607.4
041 0 |a slo 
044 |a SK 
245 1 0 |a Investori Slovensko našli aj bez privatizácie 
520 |a Prísun zahraničných investícií na Slovensko v roku 2003. Najväčším lákadlom je daňová reforma a lacná pracovná sila. Rezervy sú stále v infraštruktúre a v legislatíve. Najväčším lákadlom pre investorov je výroba automobilov. Nástup konkurencie susedných krajín v prilákaní investorov. Prostredie na Slovensku sa pre zahraničných investorov zlepšuje. Problémy sú s pozemkami. 
610 2 0 |a investície zahraničné 
610 2 0 |a reformy daňové 
610 2 0 |a sily pracovné 
610 2 0 |a infraštruktúra 
610 2 0 |a legislatíva 
610 2 0 |a konkurencieschopnosť 
610 2 0 |a pozemky 
610 2 0 |a priemysel automobilový 
610 2 0 |a Slovensko